Champions NBA - Mort subite - Statistiques

Statistiques générales
  • Ce quiz a été pris 507 fois
  • Le résultat moyen est 8 sur 17
Answers on the Grid
Answers color-coded by a green-red scale on the quiz's grid according to % correct below.
Allen Iverson
Anthony Davis
Anthony Edwards
Bill Russell
Brook Lopez
Carmelo Anthony
Charles Barkley
Chris Paul
Damian Lillard
David Robinson
DeMar DeRozan
Derrick Rose
Dwight Howard
Hakeem Olajuwon
James Harden
Jayson Tatum
Jerry West
Jimmy Butler
Joel Embiid
Jrue Holiday
Karl Malone
Kevin Durant
LeBron James
Luka Doncic
Michael Jordan
Nikola Jokic
Rajon Rondo
Ray Allen
Reggie Miller
Rudy Gobert
Russell Westbrook
Steve Nash
Tony Parker
Tracy McGrady
Wilt Chamberlain
Zion Williamson
 
Statistiques - réponses
Réponse % Correct
LeBron James
64%
Kevin Durant
62%
Tony Parker
62%
Michael Jordan
60%
Anthony Davis
55%
Jayson Tatum
54%
Nikola Jokic
53%
Wilt Chamberlain
53%
Bill Russell
50%
Hakeem Olajuwon
45%
Jrue Holiday
45%
Ray Allen
43%
Jerry West
42%
David Robinson
41%
Rajon Rondo
40%
Brook Lopez
33%
Dwight Howard
32%
Aucun quiz correspondant
Distribution des résultats
% des personnes avec chaque résultat
Percentile par nombre de réponses
Votre historique - résultats
Vous n’avez pas pris ce quiz